|
|
|
|
| LEADER |
00000nam0a2200000 4500 |
| 001 |
105938 |
| 005 |
20231101214635.0 |
| 020 |
|
|
|a RU
|
| 035 |
|
|
|a (RuTPU)RU\TPU\book\114310
|
| 090 |
|
|
|a 105938
|
| 100 |
|
|
|a 20061129d1982 k y0rusy5003 ca
|
| 101 |
0 |
|
|a rus
|
| 102 |
|
|
|a RU
|
| 105 |
|
|
|a a z 001zy
|
| 200 |
1 |
|
|a Микроэлементы как индикаторы геологических процессов
|e сборник научных трудов
|f Институт геологии и геофизики СО АН СССР ; под ред. В. А. Боброва
|
| 210 |
|
|
|a Новосибирск
|c [Б. и.]
|d 1982
|
| 215 |
|
|
|a 113 с.
|c граф.
|d 20 см
|
| 317 |
|
|
|5 63413507: КР-7366
|a Поступил в НТБ в 2021 г. в дар от семьи профессора ТПУ Л. П. Рихванова
|
| 320 |
|
|
|a Библиография в конце статей
|
| 330 |
|
|
|a В сборнике представлены статьи, аналитический материал для которых получен преимущественно на основе инструментального нейтронно-активационного анализа. Надежность фактического материала обеспечена применением самой современной регистрирующей аппаратуры и тщательной апробацией аналитических методов на отечественных и международных стандартных образцах горных пород. Рассматривается поведение микроэлементов, в частности лантаноидов, редких щелочей и элементов-гидролизатов в магматических, метаморфических и гипергенных процессах. Оценивается роль редких элементов как индикаторов условий образования тектитов, щелочных базальтоидов, апатитовых месторождений, связанных с основными породами, кор выветривания, постседиментационяых минеральных ассоциаций в осадочных толщах, железо-марганцевых отложений океанического дна, современных и древних глауконитов. Материалы сборника представляют интерес для геохимиков широкого профиля, работающих в области геохимии редких элементов в процессах формирования литосферы.
|
| 606 |
1 |
|
|a Геохимия
|2 stltpush
|3 (RuTPU)RU\TPU\subj\6296
|9 34219
|
| 610 |
1 |
|
|a микроэлементы
|
| 610 |
1 |
|
|a редкие элементы
|
| 610 |
1 |
|
|a горные породы
|
| 610 |
1 |
|
|a тектониты
|
| 610 |
1 |
|
|a геология
|
| 610 |
1 |
|
|a литосфера
|
| 610 |
1 |
|
|a Библиотека Л. П. Рихванова
|
| 610 |
1 |
|
|a дары библиотеке
|
| 675 |
|
|
|a 550.4
|v 3
|
| 702 |
|
1 |
|a Бобров
|b В. А.
|g Владислав Андреевич
|4 340
|
| 712 |
0 |
2 |
|a Академия наук СССР
|b Сибирское отделение
|b Институт геологии и геофизики
|c (Новосибирск)
|c (1957-1990)
|2 stltpush
|3 (RuTPU)RU\TPU\col\128
|9 23211
|
| 801 |
|
0 |
|a RU
|b RuMRKP
|c 19950704
|g psbo
|
| 801 |
|
1 |
|a RU
|b 63413507
|c 20061129
|g PSBO
|
| 801 |
|
2 |
|a RU
|b 63413507
|c 20220721
|g PSBO
|
| 942 |
|
|
|c BK
|